|
|
|
|
| LEADER |
00914nam a22002297a 4500 |
| 001 |
AAL8195 |
| 003 |
BD-DhAAL |
| 005 |
20160219160803.0 |
| 008 |
160219s 2012bg a|||| b||| 00| 0 ben d |
| 020 |
|
|
|a 9847029700819
|
| 040 |
|
|
|a BD-DhAAL
|c BD-DhAAL
|
| 082 |
|
|
|a 891.4/4371
|
| 245 |
|
|
|a সুকান্ত সমগ্র /
|c বদরুদ্দীন উমর
|
| 260 |
|
|
|a ঢাকা :
|b সূবর্ণ,
|c ২০১২
|
| 300 |
|
|
|a ২৮৬ পৃ. :
|b চিত্র ;
|c ২২ সে.মি.
|
| 504 |
|
|
|6 Includes bibliographies
|
| 651 |
|
|
|a Bangladesh
|x Fiction
|9 18055
|
| 700 |
|
|
|a উমর, বদরুদ্দীন
|9 18056
|
| 852 |
|
|
|a Savar Campus Library
|c General Shelf
|
| 942 |
|
|
|2 ddc
|c BK
|
| 999 |
|
|
|c 36884
|d 36884
|
| 952 |
|
|
|0 0
|1 0
|2 ddc
|4 0
|6 891_400000000000000_4371_SUK
|7 0
|9 58064
|a SCL
|b SCL
|c GEN
|d 2016-02-19
|g 250.00
|l 5
|m 4
|o 891.44371 SUK
|p 3020008195
|r 2025-11-05
|s 2025-10-29
|t 1
|w 2016-02-19
|y BK
|